[Event "Hamburg-chT Landesliga 1213"]
[Site "Hamburg"]
[Date "2013.04.14"]
[Round "9.7"]
[White "Xin, Ruidi"]
[Black "Pfreundt, Jakob"]
[Result "0-1"]
[WhiteElo "1879"]
[BlackElo "1739"]
[PlyCount "60"]
[EventDate "2012.10.14"]
[EventType "team-tourn"]
[EventRounds "9"]
[EventCountry "GER"]
[SourceTitle "EXT 2022"]
[Source "ChessBase"]
[SourceDate "2021.10.06"]
[SourceVersion "1"]
[SourceVersionDate "2021.10.06"]
[SourceQuality "1"]
[WhiteTeam "Hamburg Diogenes II"]
[BlackTeam "Hamburg Koenigsspringer II"]
[WhiteTeamCountry "GER"]
[BlackTeamCountry "GER"]

1. g3 Nf6 2. Bg2 e6 3. Nf3 d5 4. 0-0 Be7 5. d3 0-0 6. Nbd2 Nbd7 7. e4 dxe4 8. dxe4 e5 9. Qe2 c6 10. Rd1 Qc7 11. b3 Re8 12. Bb2 a5 13. Nc4 Bc5 14. Ncxe5 Nxe5 15. Nxe5 Rxe5 16. Bxe5 Qxe5 17. Rd8+ Bf8 18. Rad1 Bg4 19. Qc4 Rxd8 20. Rxd8 Nd7 21. Qd3 Qc7 22. Ra8 Nb8 23. Qd2 Qe5 24. Rxa5 Qa1+ 25. Bf1 Bh3 26. Qd3 Nd7 27. Rh5 Ne5 28. Rxe5 Bxf1 29. Qxf1 Qxe5 30. Qe1 Qb2 0-1

[Event "Hamburg St Pauli op-B"]
[Site "Hamburg"]
[Date "2011.07.13"]
[Round "6"]
[White "Xin, Ruidi"]
[Black "Reher, Wolfgang"]
[Result "1/2-1/2"]
[WhiteElo "1752"]
[BlackElo "1875"]
[PlyCount "37"]
[EventDate "2011.07.09"]
[EventType "swiss"]
[EventRounds "9"]
[EventCountry "GER"]
[SourceTitle "CBM 143 Extra"]
[Source "ChessBase"]
[SourceDate "2011.08.29"]
[SourceVersion "1"]
[SourceVersionDate "2011.08.29"]
[SourceQuality "1"]

1. e4 c5 2. a3 Nc6 3. b4 cxb4 4. axb4 Nxb4 5. Ra4 Nc6 6. d4 d6 7. d5 Nb8 8. f4 Qb6 9. Nc3 Bd7 10. Rd4 g6 11. Nf3 Bg7 12. Be3 Qa5 13. Qd2 Na6 14. Bxa6 Qxa6 15. Kf2 Nf6 16. h3 Rc8 17. e5 Ng8 18. Re1 h5 19. exd6 1/2-1/2

[Event "Hamburg St Pauli op-B"]
[Site "Hamburg"]
[Date "2011.07.10"]
[Round "2"]
[White "Rockel, Marcus"]
[Black "Xin, Ruidi"]
[Result "0-1"]
[WhiteElo "1622"]
[BlackElo "1752"]
[PlyCount "40"]
[EventDate "2011.07.09"]
[EventType "swiss"]
[EventRounds "9"]
[EventCountry "GER"]
[SourceTitle "CBM 143 Extra"]
[Source "ChessBase"]
[SourceDate "2011.08.29"]
[SourceVersion "1"]
[SourceVersionDate "2011.08.29"]
[SourceQuality "1"]

1. d4 Na6 2. Nf3 g6 3. c3 c6 4. e4 Nc7 5. Be2 d5 6. e5 Bf5 7. 0-0 h5 8. Bg5 Ne6 9. Nbd2 Bh6 10. h4 Bxg5 11. hxg5 h4 12. c4 h3 13. g3 Qb6 14. Nb3 h2+ 15. Kh1 Be4 16. Qd2 dxc4 17. Nc5 Nxc5 18. dxc5 Qxc5 19. Rfd1 Qxf2 20. Bxc4 Bxf3# 0-1

[Event "GER-chT Schools WK II"]
[Site "Verden an der Aller"]
[Date "2011.05.14"]
[Round "1.1"]
[White "Xin, Ruidi"]
[Black "Konow, Philipp"]
[Result "1/2-1/2"]
[WhiteElo "1752"]
[BlackElo "1974"]
[PlyCount "57"]
[EventDate "2011.05.14"]
[EventType "team-swiss"]
[EventRounds "7"]
[EventCountry "GER"]
[SourceTitle "EXT 2022"]
[Source "ChessBase"]
[SourceDate "2021.10.06"]
[SourceVersion "1"]
[SourceVersionDate "2021.10.06"]
[SourceQuality "1"]
[WhiteTeam "Claudius Gymn U17"]
[BlackTeam "Stade Athenaeum U17"]
[WhiteTeamCountry "GER"]
[BlackTeamCountry "GER"]

1. e4 c5 2. a3 Nc6 3. b4 a6 4. f4 e5 5. Nf3 exf4 6. Bc4 Qf6 7. Ra2 b5 8. Bb2 Qg6 9. Bd5 Ra7 10. 0-0 cxb4 11. Ne5 Nxe5 12. Bxe5 Bb7 13. Bxf4 Nf6 14. Bxb7 Rxb7 15. e5 Ne4 16. d3 Nc3 17. Nxc3 bxc3 18. d4 Be7 19. Qf3 Qb6 20. Be3 0-0 21. d5 Bc5 22. Bxc5 Qxc5+ 23. Kh1 d6 24. e6 f6 25. Raa1 Re7 26. Rae1 Rb8 27. Re3 Rc8 28. Rb1 Qc4 29. Rb3 1/2-1/2

[Event "Harburg-chF 8th"]
[Site "Hamburg"]
[Date "2010.08.20"]
[Round "1"]
[White "Xin, Ruidi"]
[Black "Kepler, Ewgenij"]
[Result "0-1"]
[WhiteElo "1706"]
[BlackElo "1716"]
[PlyCount "36"]
[EventDate "2010.08.20"]
[EventType "tourn"]
[EventRounds "5"]
[EventCountry "GER"]
[SourceTitle "EXT 2012"]
[Source "ChessBase"]
[SourceDate "2011.11.24"]
[SourceVersion "1"]
[SourceVersionDate "2011.11.24"]
[SourceQuality "1"]

1. e4 e5 2. Nf3 Nc6 3. Bc4 Nf6 4. Ng5 d5 5. exd5 Nd4 6. d6 Qxd6 7. Nc3 Qc6 8. Bxf7+ Ke7 9. 0-0 h6 10. f4 hxg5 11. fxe5 Kxf7 12. exf6 Bc5 13. Kh1 gxf6 14. d3 Qd6 15. Rxf6+ Qxf6 16. Ne4 Rxh2+ 17. Kxh2 Qh6+ 18. Kg1 Nf3+ 0-1

[Event "Hamburg-chA"]
[Site "Hamburg"]
[Date "2010.05.28"]
[Round "7.8"]
[White "Xin, Ruidi"]
[Black "Zippert, Georg"]
[Result "1/2-1/2"]
[WhiteElo "1685"]
[BlackElo "1751"]
[PlyCount "94"]
[EventDate "2010.05.22"]
[EventType "swiss"]
[EventRounds "9"]
[EventCountry "GER"]
[SourceTitle "EXT 2011"]
[Source "ChessBase"]
[SourceDate "2010.11.26"]
[SourceVersion "1"]
[SourceVersionDate "2010.11.26"]
[SourceQuality "1"]

1. e4 e5 2. Nf3 Nc6 3. Bc4 Bc5 4. b4 Bxb4 5. c3 Bd6 6. d4 Nf6 7. 0-0 0-0 8. Na3 a6 9. Bd3 b5 10. Qc2 Re8 11. dxe5 Bxe5 12. Be3 d6 13. Nd4 Bxd4 14. Bxd4 Ne5 15. Bxe5 dxe5 16. Rad1 Qe7 17. Nb1 c5 18. c4 b4 19. Rfe1 Bb7 20. Re3 Rad8 21. Nd2 Qd6 22. Be2 Qc7 23. Bd3 Rd6 24. f3 Red8 25. Nb3 Nh5 26. g3 Rg6 27. Kf2 Rgd6 28. Nc1 Bc6 29. Qe2 Nf6 30. Ke1 Bd7 31. Bc2 Rxd1+ 32. Bxd1 Be6 33. Rd3 Rxd3 34. Qxd3 Qd7 35. Qxd7 Nxd7 36. Ba4 Nb6 37. Bb3 Kf8 38. Nd3 Nd7 39. Ba4 Nb6 40. Bb3 Bxc4 41. Nxc5 Bxb3 42. axb3 a5 43. Nb7 a4 44. bxa4 Nxa4 45. Na5 Ke8 46. Kd2 Kd7 47. Kd3 Nb6 1/2-1/2

[Event "Hamburg-chA"]
[Site "Hamburg"]
[Date "2010.05.22"]
[Round "1.5"]
[White "Xin, Ruidi"]
[Black "Haack, Stefan"]
[Result "0-1"]
[WhiteElo "1685"]
[BlackElo "1775"]
[PlyCount "80"]
[EventDate "2010.05.22"]
[EventType "swiss"]
[EventRounds "9"]
[EventCountry "GER"]
[SourceTitle "EXT 2011"]
[Source "ChessBase"]
[SourceDate "2010.11.26"]
[SourceVersion "1"]
[SourceVersionDate "2010.11.26"]
[SourceQuality "1"]

1. d4 d5 2. Nf3 Nc6 3. Bf4 Nf6 4. Nc3 Bf5 5. Nb5 Rc8 6. Ne5 Nxe5 7. dxe5 Nh5 8. Bc1 c6 9. Nd4 g6 10. Nxf5 gxf5 11. e4 Ng7 12. exf5 Nxf5 13. e6 fxe6 14. Qh5+ Kd7 15. Bd3 Qe8 16. Qe2 Bg7 17. Bf4 Qf7 18. Be5 Rhg8 19. 0-0-0 Bxe5 20. Qxe5 Rxg2 21. Qc3 b6 22. Ba6 Rc7 23. Qf3 Rg7 24. Rhe1 Nd6 25. Qh3 b5 26. Re2 Qf4+ 27. Kb1 Qg4 28. Qc3 Ne4 29. Qd3 Nd6 30. b3 Ke8 31. Qc3 Ne4 32. Rxe4 Qxd1+ 33. Kb2 Rg1 34. Qh8+ Kd7 35. Rd4 Qa1+ 36. Ka3 b4+ 37. Kxb4 Qxa2 38. Qxh7 Qxa6 39. Kc3 e5 40. Rh4 Qa1+ 0-1